LEADER 01349cam0 2200313 450 001 E600200044490 005 20200318115716.0 100 $a20090130d1950 |||||ita|0103 ba 101 $amul 102 $aAR 200 1 $aActas del primer Congreso nacional de filosofìa : Mendoza, marzo 30-abril 9, 1949 / publicaciòn al cuidado de Luis Juan Guerrero 210 $aMendoza$cUniversidad nacional de Cuyo$d1950 215 $a3 volumi$d26 cm 300 $aIn testa al frontespizio: Universidad nacional de Cuyo 702 1$aGuerrero, Luis Juan$3A600200052249$4070 710 12$a*Congreso Nacional de Filosofìa, 1, Mendoza, 1949$3A600200052248$4070$0511208 801 0$aIT$bUNISOB$c20200318$gRICA 850 $aUNISOB 852 $aUNISOB$j100$m8314 852 $aUNISOB$j100$m8315 852 $aUNISOB$j100$m8316 912 $aE600200044490 940 $aM 102 Monografia moderna SBN 941 $aM 957 $a100$bVI (6)$i-1$gSi$d8314$racquisto$1pregresso3$2UNISOB$3UNISOB$420090130095211.0$520180214113450.0$6bethb 957 $a100$bVI (6)$i-2$gSI$d8315$racquisto$1bethb$2UNISOB$3UNISOB$420180214113455.0$520180214113538.0$6bethb 957 $a100$bVI (6)$i-3$gSI$d8316$racquisto$1bethb$2UNISOB$3UNISOB$420180214113614.0$520180214113640.0$6bethb 996 $aActas del primer Congreso nacional de filosofia$9762524 997 $aUNISOB LEADER 01239nam a2200325 i 4500 001 991001171939707536 005 20020507184558.0 008 960216s1982 us ||| | eng 020 $a0387907041 035 $ab1081078x-39ule_inst 035 $aLE01308174$9ExL 040 $aDip.to Matematica$beng 082 0 $a516.92 084 $aAMS 53C 100 1 $aAubin, Thierry$065904 245 10$aNonlinear analysis on manifolds, Monge-Ampère equations /$cThierry Aubin 260 $aNew York :$bSpringer-Verlag,$cc1982 300 $axii, 204 p. ;$c24 cm. 490 0 $aGrundlehren der mathematischen Wissenschaften = A series of comprehensive studies in mathematics,$x0072-7830 ;$v252 500 $aBibliography: p. [189]-198. 500 $aIncludes index. 650 0$aGlobal differential geometry 650 0$aMonge-Ampère equations 650 0$aRiemannian manifolds 907 $a.b1081078x$b23-02-17$c28-06-02 912 $a991001171939707536 945 $aLE013 53C AUB11 (1982)$g1$i2013000042589$lle013$o-$pE0.00$q-$rl$s- $t0$u4$v0$w4$x0$y.i10916179$z28-06-02 996 $aNonlinear analysis on manifolds, Monge-Ampère equations$982711 997 $aUNISALENTO 998 $ale013$b01-01-96$cm$da $e-$feng$gus $h0$i1